Feminist activism in the Supreme Court (Record no. 105486)
[ view plain ]
| 000 -LEADER | |
|---|---|
| fixed length control field | 01596nam a2200385Ia 4500 |
| 082 04 - DEWEY DECIMAL CLASSIFICATION NUMBER | |
| Classification number | 342.7108/5 |
| 100 1# - MAIN ENTRY--AUTHOR NAME | |
| Personal name | Manfredi, Christopher P. |
| 245 10 - TITLE STATEMENT | |
| Title | Feminist activism in the Supreme Court |
| 260 ## - PUBLICATION, DISTRIBUTION, ETC. (IMPRINT) | |
| Place of publication | Vancouver : |
| Name of publisher | UBC Press, |
| Year of publication | c2004. |
| 300 ## - PHYSICAL DESCRIPTION | |
| Number of Pages | xx, 247 p. |
| 490 1# - SERIES STATEMENT | |
| Series statement | Law and society series |
| 650 #0 - SUBJECT ADDED ENTRY--TOPICAL TERM | |
| Topical Term | Equality before the law |
| Topical Term | Feminism |
| Topical Term | Women |
| Topical Term | Constitutional history |
| Topical Term | Sociological jurisprudence. |
| 856 40 - ELECTRONIC LOCATION AND ACCESS | |
| Uniform Resource Identifier | http://site.ebrary.com/lib/rucke/Doc?id=10113874 |
No items available.
